| Поле | Инд. | ПП | Название | Значение |
|---|---|---|---|---|
| Тип записи | a | |||
| Библиографический уровень | m | |||
| 001 | Контрольный номер | 0a2f7aaf-3402-4749-bf02-db6430b5784f | ||
| 005 | Дата корректировки | 20250303144108.8 | ||
| 008 | Кодируемые данные | 000522 d | ||
| 020 | a | ISBN | 5-235-02420-6 | |
| c | Цена, тираж | 50.00 | ||
| 040 | a | Служба первич. каталог. | НБ ТвГУ | |
| 041 | 0_ | a | Код языка текста | rus |
| 080 | a | Индекс УДК | 947.0"17"(092) | |
| a | Индекс УДК | 929Екатерина Вторая | ||
| 084 | a | Индекс другой классификации/Индекс ББК | Т3(2)464-532.1 | |
| 090 | x | Авторский знак | П12 | |
| a | Полочн. индекс | Т3(2)46 | ||
| 100 | 1_ | a | Автор | Павленко Николай Иванович |
| e | Роль лиц | Автор | ||
| 245 | 00 | a | Заглавие | Екатерина Великая |
| c | Ответственность | Н. И. Павленко | ||
| 260 | 0_ | a | Место издания | Москва |
| b | Издательство | Молодая гвардия | ||
| c | Дата издания | 2000 | ||
| 300 | a | Объем | 495 с. | |
| b | Иллюстрации/ тип воспроизводства | 24 л. ил., портр. | ||
| 440 | _0 | a | Серия | Жизнь замечат. людей : Сер. биогр. Осн. в 1933 г. М. Горьким |
| 490 | _0 | v | N тома | Вып. 779 |
| 500 | a | Примечание | НАСТОЯЩИЙ МАТЕРИАЛ (ИНФОРМАЦИЯ) ПРОИЗВЕДЕН, РАСПРОСТРАНЕН И (ИЛИ) НАПРАВЛЕН ИНОСТРАННЫМ АГЕНТОМ ДЖ. СОРОСОМ, ЯВЛЯЮЩИМСЯ УЧРЕДИТЕЛЕМ (ЧЛЕНОМ, УЧАСТНИКОМ, РУКОВОДИТЕЛЕМ ИЛИ ЛИЦОМ, ВХОДЯЩИМ В СОСТАВ ОРГАНА ЛИЦ УКАЗАНЫХ В ЧАСТИ 4 СТАТЬИ 9 ФЕДЕРАЛЬНОГО ЗАКОНА «О КОНТРОЛЕ ЗА ДЕЯТЕЛЬНОСТЬЮ ЛИЦ, НАХОДЯЩИХСЯ ПОД ИНОСТРАННЫМ ВЛИЯНИЕМ») ФОНДА «ОТКРЫТОЕ ОБЩЕСТВО», ВКЛЮЧЕННОГО В РЕЕСТР ИНОСТРАННЫХ АГЕНТОВ | |
| 583 | a | Действие | Получение впервые 151 03.05.2000 | |
| k | Исполнитель действия | Мегапроект "Пушкинская библиотека" | ||
| 650 | 04 | a | Основная рубрика | Екатерина II (имп.), о ней |
| 650 | 04 | a | Основная рубрика | Россия |
| x | Основная подрубрика | История | ||
| y | Хронологическая подрубрика | 18 в. | ||
| 653 | 0_ | a | Ключевые слова | Екатерина 2 (имп.), о ней |
| a | Ключевые слова | История России | ||
| a | Ключевые слова | Россия | ||
| a | Ключевые слова | Екатерина Великая | ||
| 852 | 41 | t | Порядковый номер экземпляра | 1 |
| p | Инвентарный номер | 722344 | ||
| 901 | t | Тип документа | m | |
| 920 | a | Оператор | Петр | |
| 952 | p | 151.2000 50.00 1 722344 | ||
| c | Вид литературы | К рн | ||
| 954 | a | Дата поступления на обработку | 20000522 |